01097 2200361 4500001002100000005001700021008004100038035002400079082001200103090002100115245015300136250001000289260002800299300002700327500008700354500002600441650003400467700003200501700002000533700001300553850001500566980001300581985000600594999001500600999001500615999001500630999001500645999001500660999001500675999001500690999001500705999001500720YOGYA-0209000003482720090227024929.0 ind  0010-020900000034827 a155.207 a155.207bPenlQT aPENDIDIKAN budi pekertibuntuk Sekolah Menengah Umum dan KejuruancSr.Myriam Sulvia Juniati ...[et.al.]; editor, Radno Harsanto; ilustrasi, Haeropih aCet.1 aJakartabGrasindoc2000 a... jilidbilusc27 cm aYang diterima : jilid 2 (3 eks), jilid 2 (3 eks), jilid 2 (3 eks), jilid 3 (3 eks) aBibliografi : hlm. 44 aKepribadian - Aspek psikologi aJuniarti, Sr. Myriam Sylvia aHarsanto, Radno aHaeropih aYOPDYOG(B) a02-11-06 a9 a00P0004445 a00P0004446 a00P0004447 a00P0004451 a00P0004452 a00P0004453 a00P0004463 a00P0004464 a00P0004465